000 00901nam0a22002771 4500
001 rc\2771222
005 20250806204424.0
035 _a(NLR Aleph) 006897593
090 _a28044
_c28044
100 _a20110915d1941 u y0rusy50 ca
101 0 _arus
102 _aRU
105 _ay z |||||
200 1 _aБрусиловский прорыв
_fЮрий Вебер
210 _aМосква
_cВоениздат НКО СССР
_d1941
215 _a38, [1] с.
_d17 см.
225 1 _aБиблиотека красноармейца
700 1 _aВебер
_bЮ. Г.
_cписатель
_f1905-1989
_gЮрий Германович
_3RU\NLR\AUTH\770221794
801 0 _aRU
_bNLR
_gpsbo
801 1 _aRU
_bELAR
_2rusmarc
852 _aNLR
_jЛ30 Г-2/788
942 _cBOOK
945 _aРоссийская национальная библиотека
980 _aNB
980 _aBV